Diseño geométrico y estructura de pavimento articulado de 900 metros en el complejo habitacional Amanda López Pineda y calle de acceso al barrio, en la ciudad de Jinotega
En Jinotega, la mayoría de las calles principales se encuentran pavimentadas, siendo los materiales más utilizados el asfalto y el adoquín, no obstante, estas se encuentran en mal estado debido a que no han recibido el mantenimiento adecuado, asimismo, hay algunos barrios que no poseen ningún ti...
| Main Authors: | , , |
|---|---|
| Other Authors: | |
| Format: | Tesis Section = Libro |
| Language: | Undetermined Spanish |
| Published: |
Managua
UNI-IES
2021
|
| Subjects: |
| LEADER | 01451nam a2200289Ia 4500 | ||
|---|---|---|---|
| 008 | 240830s9999 xx 000 0 und d | ||
| 040 | |a BIBLIOTECA-RUPAP Mon 625.85 C212 | ||
| 041 | |a spa | ||
| 082 | |a Mon 625.85 C212 | ||
| 100 | 1 | |a Canales Madrigal, Alejandra Denisse | |
| 100 | 1 | |b Herrera Montenegro, Gloria Thaiz | |
| 100 | 1 | |c Hurtado Nicaragua, Axell Fabricio | |
| 245 | 1 | 0 | |a Diseño geométrico y estructura de pavimento articulado de 900 metros en el complejo habitacional Amanda López Pineda y calle de acceso al barrio, en la ciudad de Jinotega |
| 260 | |a Managua |b UNI-IES |c 2021 | ||
| 300 | |a 116 p. :il. | ||
| 500 | |a Contiene: anexos y CD. | ||
| 502 | |a Tesis (Ingeniero Civil) - UNI, 2021. | ||
| 520 | 3 | |a En Jinotega, la mayoría de las calles principales se encuentran pavimentadas, siendo los materiales más utilizados el asfalto y el adoquín, no obstante, estas se encuentran en mal estado debido a que no han recibido el mantenimiento adecuado, asimismo, hay algunos barrios que no poseen ningún tipo de revestimiento, entre ellos se incluye el complejo habitacional Amanda López Pineda el cual será el lugar de estudio en este documento. | |
| 650 | 7 | |a PAVIMENTOS | |
| 650 | 7 | |b PAVIMENTOS DE ASFALTO | |
| 650 | 7 | |c DISEÑO GEOMETRICO | |
| 650 | 7 | |d ESTUDIO DE SUELO | |
| 650 | 7 | |e ESTUDIO DE TRANSITO | |
| 700 | 1 | |a Tutor: |b Bustamante Arteaga, José Fernando | |
| 942 | |c BK |2 ddc | ||
| 991 | |a TESIS | ||
| 999 | |c 18881 | ||